[Event "DEM U12w 2016"]
[Site "Willingen GER"]
[Date "2016.05.18"]
[Round "6"]
[White "Brunner, Sophia"]
[Black "Kunisch, Nina"]
[Result "1/2-1/2"]
[Termination "normal"]
[Board "6"]
[WhiteElo "1602"]
[BlackElo "1480"]
[PlyCount "102"]
[WhiteFideId "12960683"]
[BlackFideId "12982849"]
[EventCountry "GER"]
[EventRounds "11"]
[EventType "swiss"]
[EventDate "2016.05.14"]

1. d4 Nf6 2. Nc3 d5 3. Bf4 e6 4. e3 Bb4 5. Bd3 O-O 6. a3 Bd6 7. Bg5 Be7 8. Nf3
b6 9. O-O Bb7 10. Ne2 Ne4 11. Bxe7 Qxe7 12. Ng3 Nd7 13. Nd2 Nxd2 14. Qxd2 c5
15. c3 Nf6 16. Qc2 c4 17. Be2 Bc6 18. Bf3 Qb7 19. Qe2 a5 20. Rfe1 b5 21. e4
dxe4 22. Bxe4 Bxe4 23. Nxe4 Nxe4 24. Qxe4 Qxe4 25. Rxe4 b4 26. Re3 bxa3 27.
Rxa3 Rfb8 28. Ra2 a4 29. Re1 a3 30. Rxa3 Rxa3 31. bxa3 Rb3 32. Rc1 Rxa3 33. Kf1
Kf8 34. Rc2 Ke7 35. Ke2 Kd6 36. Kd2 Kd5 37. Ke3 f6 38. f4 g6 39. g3 h6 40. Kf3
h5 41. Ke3 e5 42. fxe5 fxe5 43. dxe5 Kxe5 44. Kf3 g5 45. h3 Kf5 46. g4+ hxg4+
47. hxg4+ Ke5 48. Ke3 Kd5 49. Kf3 Rb3 50. Rd2+ Ke5 51. Re2+ Kd5 1/2-1/2

[Event "DEM U12w 2016"]
[Site "Willingen GER"]
[Date "2016.05.18"]
[Round "6"]
[White "Reuter, Elisa"]
[Black "Peglau, Mirjam"]
[Result "1-0"]
[Termination "normal"]
[Board "7"]
[WhiteElo "1591"]
[BlackElo "1314"]
[PlyCount "71"]
[WhiteFideId "12995444"]
[BlackFideId "16211138"]
[EventCountry "GER"]
[EventRounds "11"]
[EventType "swiss"]
[EventDate "2016.05.14"]

1. e4 e6 2. d4 d5 3. Nc3 Nf6 4. Bg5 Be7 5. e5 Nfd7 6. h4 a6 7. Qg4 Bxg5 8. hxg5
c5 9. g6 cxd4 10. Rxh7 Rg8 11. gxf7+ Kxf7 12. Qxd4 Qg5 13. Nf3 Qg6 14. Qd3 Qxd3
15. Bxd3 Nc6 16. Ng5+ Ke7 17. f4 Nb4 18. Kd2 Nxd3 19. cxd3 Nf8 20. Rh2 Bd7 21.
Rah1 Ng6 22. Ne2 Rh8 23. Rxh8 Rxh8 24. Rxh8 Nxh8 25. Nd4 Nf7 26. Nxf7 Kxf7 27.
Ke3 Kg6 28. g4 b5 29. b4 Kh6 30. f5 g6 31. fxe6 Be8 32. Kf4 Kg7 33. Kg5 Kg8 34.
Kf6 Kf8 35. e7+ Kg8 36. Ne6 1-0

[Event "DEM U12w 2016"]
[Site "Willingen GER"]
[Date "2016.05.18"]
[Round "6"]
[White "Liu, Sijia Anna"]
[Black "Rudolph, Eva"]
[Result "0-1"]
[Termination "normal"]
[Board "8"]
[WhiteElo "1357"]
[BlackElo "1558"]
[PlyCount "102"]
[WhiteFideId "12989746"]
[BlackFideId "16200594"]
[EventCountry "GER"]
[EventRounds "11"]
[EventType "swiss"]
[EventDate "2016.05.14"]

1. e4 e5 2. Nc3 Nf6 3. f4 d5 4. fxe5 Nxe4 5. Qf3 Nxc3 6. dxc3 Be6 7. Bf4 Nc6 8.
O-O-O Qd7 9. h3 a6 10. c4 O-O-O 11. Ne2 Bc5 12. Kb1 h6 13. Bh2 d4 14. Nc3 Qe7
15. Ne4 Ba7 16. Be2 Na5 17. Nd2 Qc5 18. Nb3 Nxb3 19. axb3 Rhf8 20. Qe4 f5 21.
Qd3 f4 22. Rhe1 Bf5 23. Qd2 Qxe5 24. Bg4 Qf6 25. Bxf4 Bxg4 26. Be5 Qg6 27. hxg4
Qxg4 28. Qe2 Qxe2 29. Rxe2 Rfe8 30. Rde1 g6 31. Bg7 Rxe2 32. Rxe2 d3 33. cxd3
Rxd3 34. Kc2 Re3 35. Rd2 h5 36. Bf6 Re8 37. b4 c6 38. c5 Bb8 39. Kb3 Bf4 40.
Rf2 g5 41. Kc4 Re4+ 42. Kc3 Kd7 43. Bd4 Ke6 44. Kd3 Kd5 45. b3 Rxd4+ 46. Ke2
Rd2+ 47. Kf3 Rxf2+ 48. Kxf2 Kd4 49. g3 Bxg3+ 50. Kxg3 h4+ 51. Kg4 Kc3 0-1

[Event "DEM U12w 2016"]
[Site "Willingen GER"]
[Date "2016.05.18"]
[Round "6"]
[White "Visvikis, Kassandra"]
[Black "Bardorz, Jana"]
[Result "0-1"]
[Termination "normal"]
[Board "9"]
[WhiteElo "1342"]
[BlackElo "1485"]
[PlyCount "90"]
[WhiteFideId "36052167"]
[BlackFideId "16208897"]
[EventCountry "GER"]
[EventRounds "11"]
[EventType "swiss"]
[EventDate "2016.05.14"]

1. e4 e5 2. Nf3 Nc6 3. Bc4 Nf6 4. d3 Bc5 5. Be3 Bb6 6. Nbd2 d6 7. Nf1 Ne7 8.
Ng3 c6 9. Bb3 Ng6 10. c4 O-O 11. O-O Bc7 12. Bc2 d5 13. cxd5 cxd5 14. d4 exd4
15. Bxd4 Bxg3 16. fxg3 Nxe4 17. Bb3 Be6 18. Be3 Rc8 19. Nd4 Nc5 20. Nxe6 fxe6
21. Bxc5 Rxf1+ 22. Qxf1 Rxc5 23. Qf2 Qc8 24. Rf1 Qf8 25. Qe3 Qe7 26. Re1 e5 27.
Rd1 Qd6 28. Qd3 Ne7 29. Qf3 e4 30. Qxe4 Kh8 31. Qf3 Qf6 32. Qxf6 gxf6 33. Kf2
Kg7 34. Kf3 f5 35. g4 Kf6 36. gxf5 Kxf5 37. g4+ Kg5 38. Kg3 a5 39. h4+ Kg6 40.
Re1 Kf7 41. Kf4 Ng6+ 42. Kg5 Kg7 43. Rf1 d4+ 44. Rf5 h6+ 45. Kh5 Nf4# 0-1

[Event "DEM U12w 2016"]
[Site "Willingen GER"]
[Date "2016.05.18"]
[Round "6"]
[White "Delgado, Celina"]
[Black "Sinnhöfer, Lilian"]
[Result "1/2-1/2"]
[Termination "normal"]
[Board "10"]
[WhiteElo "1405"]
[BlackElo "1283"]
[PlyCount "90"]
[WhiteFideId "12993735"]
[BlackFideId "12977586"]
[EventCountry "GER"]
[EventRounds "11"]
[EventType "swiss"]
[EventDate "2016.05.14"]

1. e4 e5 2. Nf3 Nc6 3. d4 exd4 4. Nxd4 Bc5 5. Be3 Qf6 6. c3 Nge7 7. Bc4 O-O 8.
O-O a6 9. Bb3 Qg6 10. Bc2 Ne5 11. Bf4 d6 12. Kh1 f5 13. exf5 Bxf5 14. Nxf5 Nxf5
15. Bxe5 dxe5 16. Qd5+ Kh8 17. Bxf5 Qxf5 18. Qxc5 Qc2 19. Na3 Qxb2 20. Nc4 Qxc3
21. Rac1 Qd4 22. Qxe5 Qxe5 23. Nxe5 Rac8 24. Nf3 c5 25. Rfd1 Rf6 26. Rd7 b5 27.
Kg1 c4 28. Kf1 h6 29. Ke2 Rb6 30. a3 a5 31. Ra7 b4 32. axb4 axb4 33. Ra4 c3 34.
Raa1 c2 35. Ra2 b3 36. Rb2 Rd8 37. Ne5 Kg8 38. f4 g5 39. g3 Rbd6 40. Rxb3 Rd2+
41. Ke3 Rxh2 42. Rc3 gxf4+ 43. Kxf4 Rf2+ 44. Ke4 Rdd2 45. Nc4 Rde2+ 1/2-1/2

[Event "DEM U12w 2016"]
[Site "Willingen GER"]
[Date "2016.05.18"]
[Round "6"]
[White "Kiesel, Lara"]
[Black "Limbach, Anna-Lena"]
[Result "1/2-1/2"]
[Termination "normal"]
[Board "11"]
[WhiteElo "1318"]
[BlackElo "1365"]
[PlyCount "40"]
[WhiteFideId "12973785"]
[BlackFideId "12980412"]
[EventCountry "GER"]
[EventRounds "11"]
[EventType "swiss"]
[EventDate "2016.05.14"]

1. e4 e5 2. Nc3 Nc6 3. g3 Nf6 4. Bg2 Bc5 5. Nge2 d6 6. O-O Be6 7. Na4 Bb6 8.
Nxb6 axb6 9. a3 O-O 10. d4 Ne7 11. Bg5 Ng6 12. d5 Bd7 13. c4 h6 14. Be3 Qe7 15.
Nc3 Nh7 16. Qd2 f5 17. f4 Rf6 18. Rf2 Raf8 19. a4 R6f7 20. Nb5 Qd8 1/2-1/2

[Event "DEM U12w 2016"]
[Site "Willingen GER"]
[Date "2016.05.18"]
[Round "6"]
[White "Orlova, Alicia"]
[Black "Gehrke, Gina Celina"]
[Result "1/2-1/2"]
[Termination "normal"]
[Board "12"]
[WhiteElo "1285"]
[BlackElo "1519"]
[PlyCount "86"]
[WhiteFideId "34154563"]
[BlackFideId "16205979"]
[EventCountry "GER"]
[EventRounds "11"]
[EventType "swiss"]
[EventDate "2016.05.14"]

1. e4 c5 2. Nc3 Nc6 3. g3 g6 4. Bg2 Bg7 5. d3 Nf6 6. h3 O-O 7. Be3 b6 8. Qd2
Qc7 9. Bh6 Bb7 10. Bxg7 Kxg7 11. Nge2 d6 12. O-O Rad8 13. f4 e6 14. Rf2 d5 15.
e5 Ng8 16. Raf1 Nce7 17. g4 f5 18. gxf5 exf5 19. h4 d4 20. Nd1 Bxg2 21. Rxg2
Nh6 22. Nf2 Nf7 23. c3 dxc3 24. bxc3 Nc6 25. Kh1 Qb7 26. h5 Ne7 27. Kg1 Qf3 28.
hxg6 hxg6 29. Rg3 Qc6 30. Rh3 Rh8 31. Qe3 Rxh3 32. Nxh3 Nd5 33. Qf3 Qa4 34. Nc1
Nxc3 35. Qg2 Qd4+ 36. Kh2 Qd5 37. Qg3 Qe6 38. Ng5 Nxg5 39. Qxg5 Rh8+ 40. Kg1
Qc6 41. Qe7+ Kg8 42. Qd8+ Kh7 43. Qe7+ Kg8 1/2-1/2

[Event "DEM U12w 2016"]
[Site "Willingen GER"]
[Date "2016.05.18"]
[Round "6"]
[White "Reichelt, Lena"]
[Black "Bayer, Melissa"]
[Result "0-1"]
[Termination "normal"]
[Board "13"]
[WhiteElo "1261"]
[BlackElo "1484"]
[PlyCount "47"]
[WhiteFideId "12981184"]
[BlackFideId "16206916"]
[EventCountry "GER"]
[EventRounds "11"]
[EventType "swiss"]
[EventDate "2016.05.14"]

1. e4 e5 2. Nf3 Nc6 3. Nc3 d6 4. h3 f5 5. exf5 Bxf5 6. Bb5 Nf6 7. d4 exd4 8.
Nxd4 Bd7 9. Nxc6 bxc6 10. Bd3 d5 11. O-O Bd6 12. Re1+ Kf7 13. Bg5 h6 14. Bxf6
Qxf6 15. Qh5+ g6 16. Qd1 Raf8 17. Re3 Kg7 18. Rf3 Qh4 19. Qd2 Rxf3 20. gxf3
Qxh3 21. f4 Qg4+ 22. Kf1 Bxf4 23. Qe2 Qh3+ 24. Ke1 0-1

[Event "DEM U12w 2016"]
[Site "Willingen GER"]
[Date "2016.05.18"]
[Round "6"]
[White "Krömer, Paulina"]
[Black "Dietz, Kristin"]
[Result "1/2-1/2"]
[Termination "normal"]
[Board "14"]
[WhiteElo "1643"]
[BlackElo "1432"]
[PlyCount "42"]
[WhiteFideId "16212363"]
[BlackFideId "12993743"]
[EventCountry "GER"]
[EventRounds "11"]
[EventType "swiss"]
[EventDate "2016.05.14"]

1. c4 Nf6 2. Nc3 g6 3. g3 Bg7 4. Bg2 O-O 5. Nf3 Nc6 6. O-O e6 7. d4 d5 8. c5 b6
9. Bf4 Bb7 10. Nb5 Ne8 11. Rb1 a6 12. Nc3 Nf6 13. b4 b5 14. a4 Na7 15. Qc2 c6
16. Rfe1 Re8 17. a5 Nc8 18. e4 dxe4 19. Nxe4 Nxe4 20. Rxe4 Ne7 21. Qd2 Bc8
1/2-1/2

[Event "DEM U12w 2016"]
[Site "Willingen GER"]
[Date "2016.05.18"]
[Round "6"]
[White "Bohrer, Katharina"]
[Black "Diederich, Greta"]
[Result "1/2-1/2"]
[Termination "normal"]
[Board "15"]
[WhiteElo "1406"]
[BlackElo "1215"]
[PlyCount "96"]
[WhiteFideId "16225457"]
[BlackFideId "12988618"]
[EventCountry "GER"]
[EventRounds "11"]
[EventType "swiss"]
[EventDate "2016.05.14"]

1. e4 c5 2. Nf3 Nc6 3. d4 cxd4 4. Nxd4 g6 5. Be3 Bg7 6. Nc3 Nf6 7. Be2 O-O 8.
O-O d5 9. exd5 Nxd5 10. Nxc6 bxc6 11. Nxd5 cxd5 12. Bf3 e6 13. c4 Ba6 14. Rc1
Bxb2 15. Rc2 Bg7 16. Qd2 Rc8 17. Rfc1 Rxc4 18. Bxa7 Qd7 19. Bc5 Rd8 20. Bb6
Rdc8 21. Rxc4 Bxc4 22. Rc2 Qa4 23. h3 Rb8 24. Bc7 Ra8 25. Qc1 Bxa2 26. Bd6 Qd7
27. Bb4 Bc4 28. Rxc4 Ra1 29. Qxa1 Bxa1 30. Rc1 Be5 31. g3 f5 32. Kg2 f4 33. Re1
Bd6 34. Bg4 Qc7 35. Bxe6+ Kg7 36. Bxd6 Qxd6 37. h4 fxg3 38. fxg3 d4 39. Bg4 h5
40. Bf3 Kf6 41. Rf1 Ke6 42. Re1+ Kd7 43. Rd1 Qe5 44. Kh3 Qf5+ 45. Kg2 Qc2+ 46.
Kh3 Qf2 47. Bg2 Qe2 48. Rxd4+ Kc8 1/2-1/2

[Event "DEM U12w 2016"]
[Site "Willingen GER"]
[Date "2016.05.18"]
[Round "6"]
[White "Fuchs, Emily"]
[Black "Stowicek, Yara Mathilda"]
[Result "0-1"]
[Termination "normal"]
[Board "16"]
[WhiteElo "1027"]
[BlackElo "1394"]
[PlyCount "104"]
[WhiteFideId "16208986"]
[BlackFideId "16203569"]
[EventCountry "GER"]
[EventRounds "11"]
[EventType "swiss"]
[EventDate "2016.05.14"]

1. e4 e5 2. Nf3 Nc6 3. d4 exd4 4. Nxd4 Nf6 5. Nc3 Bb4 6. Nxc6 bxc6 7. e5 Qe7 8.
f4 Nd5 9. Bd2 Bxc3 10. bxc3 O-O 11. c4 Nb6 12. Be2 Qc5 13. a3 a5 14. Bc3 Nxc4
15. Bd4 Qd5 16. O-O Nb6 17. Rb1 Nc4 18. Rb3 Ba6 19. Rff3 c5 20. Bf2 Qxd1+ 21.
Bxd1 Nd2 22. Bxc5 Rfe8 23. Rfd3 Nxb3 24. Rxb3 Rab8 25. Bg4 Rbd8 26. Kf2 d6 27.
exd6 cxd6 28. Bb6 Rb8 29. Bxa5 Rxb3 30. cxb3 d5 31. Bc3 Re4 32. g3 d4 33. Bf3
Re3 34. Bxd4 Rxb3 35. Bd5 Rd3 36. Bxf7+ Kxf7 37. Bc5 Rd2+ 38. Kf3 Rxh2 39. a4
Ra2 40. Ke4 Rxa4+ 41. Ke5 Ra5 42. Kd6 Kg6 43. Bd4 Bc4 44. Kc6 Kf7 45. Bc3 Ra3
46. Be1 Kf6 47. Kc5 Be6 48. Kb4 Rb3+ 49. Kc5 g5 50. fxg5+ Kxg5 51. Kd6 Bf5 52.
Ke5 Re3+ 0-1

[Event "DEM U12w 2016"]
[Site "Willingen GER"]
[Date "2016.05.18"]
[Round "6"]
[White "Zell, Hannah"]
[Black "Wittich, Carlotta"]
[Result "1-0"]
[Termination "normal"]
[Board "18"]
[WhiteElo "1371"]
[BlackElo "952"]
[PlyCount "61"]
[WhiteFideId "16208900"]
[BlackFideId "16217411"]
[EventCountry "GER"]
[EventRounds "11"]
[EventType "swiss"]
[EventDate "2016.05.14"]

1. e4 e5 2. Nf3 Nc6 3. Bc4 Bc5 4. b4 Bxb4 5. c3 Ba5 6. d4 f6 7. O-O d6 8. dxe5
fxe5 9. Qd5 Qe7 10. Bb5 Bd7 11. Bxc6 bxc6 12. Qxa5 Bg4 13. Bg5 Nf6 14. Nbd2 d5
15. Bxf6 gxf6 16. exd5 Rg8 17. Rfe1 Bxf3 18. Nxf3 Qg7 19. g3 Rd8 20. Qa4 Rd6
21. Rad1 Ke7 22. dxc6 Rxd1 23. Rxd1 f5 24. Rd7+ Kf6 25. Rxg7 Rxg7 26. Qxa7 e4
27. Qd4+ Kf7 28. Ne5+ Ke6 29. Nd7 Kf7 30. Qf6+ Ke8 31. Qf8# 1-0

[Event "DEM U12w 2016"]
[Site "Willingen GER"]
[Date "2016.05.18"]
[Round "6"]
[White "Schwegler, Jelena"]
[Black "Schmidt, Pauline"]
[Result "1/2-1/2"]
[Termination "normal"]
[Board "19"]
[WhiteElo "912"]
[BlackElo "1142"]
[PlyCount "79"]
[WhiteFideId "16225481"]
[BlackFideId "16209850"]
[EventCountry "GER"]
[EventRounds "11"]
[EventType "swiss"]
[EventDate "2016.05.14"]

1. e4 e5 2. Nf3 Nc6 3. Nc3 Bc5 4. Nxe5 Nxe5 5. d4 Bd6 6. dxe5 Bxe5 7. Bd3 Ne7
8. O-O O-O 9. Be3 b6 10. Qe2 a5 11. Rad1 Ng6 12. f4 Bxc3 13. bxc3 Bb7 14. Qg4
d6 15. c4 Re8 16. Bd4 c5 17. Bc3 Qc8 18. Qxc8 Raxc8 19. Rde1 f6 20. g3 Ba8 21.
h4 h5 22. e5 Nf8 23. exd6 Rxe1 24. Rxe1 Rd8 25. Be4 Bxe4 26. Rxe4 Rxd6 27. Re8
Kf7 28. Re1 Ne6 29. Kf2 Nd4 30. Rd1 Ke6 31. Bxd4 Rxd4 32. Rxd4 cxd4 33. Ke2 Kd6
34. Kd3 Kc5 35. c3 dxc3 36. Kxc3 f5 37. a3 a4 38. Kd3 b5 39. cxb5 Kxb5 40. Kd4
1/2-1/2

[Event "DEM U12w 2016"]
[Site "Willingen GER"]
[Date "2016.05.18"]
[Round "6"]
[White "Hapke, Lara"]
[Black "Kriuckova, Sonia"]
[Result "1-0"]
[Termination "normal"]
[Board "20"]
[WhiteElo "971"]
[BlackElo "1231"]
[PlyCount "45"]
[WhiteFideId "12996572"]
[BlackFideId "16204310"]
[EventCountry "GER"]
[EventRounds "11"]
[EventType "swiss"]
[EventDate "2016.05.14"]

1. e4 c5 2. Nc3 d6 3. f4 Nc6 4. Nf3 e5 5. f5 Nf6 6. Bc4 h6 7. O-O Be7 8. d3 Nd4
9. Nxd4 cxd4 10. Nd5 Nxd5 11. Bxd5 Bg5 12. Qh5 O-O 13. Rf3 Bxc1 14. Rxc1 Qg5
15. Qxg5 hxg5 16. Rh3 g6 17. Rf1 gxf5 18. exf5 Kg7 19. f6+ Kg8 20. Rh5 Rd8 21.
Rf3 Bg4 22. Rxg5+ Kf8 23. Rxg4 1-0

[Event "DEM U12w 2016"]
[Site "Willingen GER"]
[Date "2016.05.19"]
[Round "8"]
[White "Schneider, Katharina"]
[Black "Khamenya, Vitalia"]
[Result "1/2-1/2"]
[Termination "normal"]
[Board "1"]
[WhiteElo "1565"]
[BlackElo "1611"]
[WhiteClock "00:15:03"]
[BlackClock "00:05:22"]
[PlyCount "68"]
[WhiteFideId "16200519"]
[BlackFideId "12959260"]
[EventCountry "GER"]
[EventRounds "11"]
[EventType "swiss"]
[EventDate "2016.05.14"]

1. e4 c5 2. Nf3 d6 3. d4 cxd4 4. Nxd4 Nf6 5. Nc3 Nc6 6. f3 g6 7. Be3 Bg7 8. Qd2
Ne5 9. O-O-O a6 10. g4 b5 11. Bh6 Bxh6 12. Qxh6 b4 13. Nce2 Qa5 14. Nb3 Qxa2
15. Ned4 Bd7 16. Qd2 a5 17. g5 Nh5 18. f4 Nc6 19. Nxc6 Bxc6 20. Qd4 O-O 21. f5
a4 22. Nd2 Qa1+ 23. Nb1 a3 24. bxa3 Qxd4 25. Rxd4 bxa3 26. Nxa3 Rxa3 27. fxg6
fxg6 28. Bc4+ d5 29. exd5 Ra1+ 30. Kb2 Rxh1 31. dxc6+ Kg7 32. c7 Rc8 33. Rd7 h6
34. Ba6 Rxc7 1/2-1/2

[Event "DEM U12w 2016"]
[Site "Willingen GER"]
[Date "2016.05.19"]
[Round "8"]
[White "Glinzner, Alva"]
[Black "Ziegenfuß, Antonia"]
[Result "0-1"]
[Termination "normal"]
[Board "2"]
[WhiteElo "1518"]
[BlackElo "1560"]
[WhiteClock "00:35:30"]
[BlackClock "00:31:53"]
[PlyCount "52"]
[WhiteFideId "16206169"]
[BlackFideId "12962554"]
[EventCountry "GER"]
[EventRounds "11"]
[EventType "swiss"]
[EventDate "2016.05.14"]

1. e4 c5 2. Nf3 a6 3. d4 cxd4 4. Nxd4 Nf6 5. Bd3 e5 6. Nf3 d5 7. Bg5 d4 8. Nxe5
Qa5+ 9. Nd2 Qxe5 10. Nf3 Qa5+ 11. Bd2 Qd8 12. h3 Bc5 13. O-O O-O 14. Re1 Nc6
15. a3 b5 16. Bc1 Re8 17. e5 Nd5 18. Be4 Bb7 19. Qd3 g6 20. Bg5 Nxe5 21. Bxd8
Nxd3 22. Bxd3 Raxd8 23. b4 Ba7 24. Rxe8+ Rxe8 25. Nd2 Nf4 26. Bf1 Rc8 0-1

[Event "DEM U12w 2016"]
[Site "Willingen GER"]
[Date "2016.05.19"]
[Round "8"]
[White "Schnabel, Luise"]
[Black "Bardorz, Jana"]
[Result "1-0"]
[Termination "normal"]
[Board "3"]
[WhiteElo "1621"]
[BlackElo "1485"]
[WhiteClock "00:15:32"]
[BlackClock "00:19:42"]
[PlyCount "117"]
[WhiteFideId "12943347"]
[BlackFideId "16208897"]
[EventCountry "GER"]
[EventRounds "11"]
[EventType "swiss"]
[EventDate "2016.05.14"]

1. e4 e5 2. Nf3 Nc6 3. Bb5 a6 4. Bxc6 dxc6 5. O-O Bg4 6. h3 h5 7. d3 Qf6 8.
Nbd2 g5 9. b3 Be6 10. Nc4 g4 11. Nfxe5 gxh3 12. Qf3 hxg2 13. Kxg2 Qxf3+ 14.
Nxf3 b5 15. Ne3 Nf6 16. Rh1 O-O-O 17. Bb2 Bg7 18. Rab1 Rdg8 19. Kf1 Ng4 20. Ke2
Bxb2 21. Rxb2 Nxe3 22. Kxe3 f6 23. Rbb1 Kd7 24. Rbg1 Rxg1 25. Rxg1 h4 26. Rh1
h3 27. Ng1 Kd6 28. f4 Bg4 29. Nf3 Bxf3 30. Kxf3 h2 31. Kg3 c5 32. Rxh2 Rxh2 33.
Kxh2 c4 34. d4 cxb3 35. cxb3 c5 36. dxc5+ Kxc5 37. Kg3 Kd4 38. Kf3 b4 39. f5
Ke5 40. Ke3 a5 41. Kd3 Kf4 42. Kd4 Kg5 43. Kc5 Kf4 44. Kd5 Kg5 45. Ke6 Kf4 46.
Kxf6 Kxe4 47. Ke6 Kd3 48. f6 Kc2 49. f7 Kb2 50. f8=Q Kxa2 51. Qc5 Kxb3 52. Qxa5
Kc4 53. Qd5+ Kc3 54. Qc5+ Kb3 55. Kd5 Ka4 56. Kc4 Ka3 57. Qxb4+ Ka2 58. Kc3 Ka1
59. Qb2# 1-0

[Event "DEM U12w 2016"]
[Site "Willingen GER"]
[Date "2016.05.19"]
[Round "8"]
[White "Pavlov, Liliane"]
[Black "Reuter, Elisa"]
[Result "1/2-1/2"]
[Termination "normal"]
[Board "4"]
[WhiteElo "1445"]
[BlackElo "1591"]
[WhiteClock "00:16:48"]
[BlackClock "00:37:03"]
[PlyCount "115"]
[WhiteFideId "16225449"]
[BlackFideId "12995444"]
[EventCountry "GER"]
[EventRounds "11"]
[EventType "swiss"]
[EventDate "2016.05.14"]

1. e4 c5 2. b3 Nc6 3. Bb2 d6 4. Bb5 e5 5. Nf3 a6 6. Bxc6+ bxc6 7. d3 g6 8. Nbd2
Bg7 9. O-O Ne7 10. Qe2 O-O 11. Rad1 Qc7 12. Rfe1 Bd7 13. c4 a5 14. Nf1 a4 15.
Ng3 axb3 16. axb3 Bg4 17. h3 Bxf3 18. Qxf3 Rfb8 19. Qe3 Rxb3 20. Rb1 Rab8 21.
Qd2 Qa7 22. Ra1 Qb7 23. Bc3 Ra8 24. Rxa8+ Qxa8 25. Ra1 Qb7 26. Qc2 Rb6 27. Nf1
Ra6 28. Rxa6 Qxa6 29. Qb3 Qa7 30. Ne3 Nc8 31. Nd1 Qb6 32. Qa2 Qa7 33. Qxa7 Nxa7
34. Nb2 f5 35. f3 Kf7 36. Na4 Nc8 37. Ba5 Ke6 38. Nc3 Bf8 39. Kf2 Be7 40. g3 g5
41. g4 f4 42. Ke2 Kd7 43. Na4 Bd8 44. Be1 Nb6 45. Nxb6+ Bxb6 46. Kd1 Ke6 47.
Kc2 d5 48. Kb3 Kd6 49. Ka4 d4 50. Ba5 Bxa5 51. Kxa5 Ke6 52. Ka6 h6 53. Ka7 Ke7
54. Kb8 Kd8 55. Ka8 Ke8 56. Kb7 Kd7 57. Ka6 Ke6 58. Kb6 1/2-1/2

[Event "DEM U12w 2016"]
[Site "Willingen GER"]
[Date "2016.05.19"]
[Round "8"]
[White "Sinnhöfer, Lilian"]
[Black "Kunisch, Nina"]
[Result "1/2-1/2"]
[Termination "normal"]
[Board "6"]
[WhiteElo "1283"]
[BlackElo "1480"]
[PlyCount "113"]
[WhiteFideId "12977586"]
[BlackFideId "12982849"]
[EventCountry "GER"]
[EventRounds "11"]
[EventType "swiss"]
[EventDate "2016.05.14"]

1. e4 c5 2. Nf3 e6 3. Nc3 a6 4. d4 cxd4 5. Nxd4 Qc7 6. Be2 Bb4 7. Bd2 Nf6 8.
Bd3 Nc6 9. Nf3 b5 10. a3 Bd6 11. h3 Bb7 12. Qe2 h6 13. g4 Bf4 14. Bxf4 Qxf4 15.
Qe3 Qxe3+ 16. fxe3 d6 17. O-O-O O-O-O 18. Rhe1 Rd7 19. Ne2 Ne7 20. Ng3 Ng6 21.
Kb1 Kb8 22. Rc1 Rc8 23. Nd2 Ne5 24. Be2 g6 25. Rf1 Ne8 26. h4 Re7 27. c4 bxc4
28. Nxc4 Nxc4 29. Rxc4 Rxc4 30. Bxc4 d5 31. Bd3 dxe4 32. Bxe4 Bxe4+ 33. Nxe4 f5
34. Nf2 Nf6 35. g5 hxg5 36. hxg5 Nd5 37. e4 Nb6 38. exf5 exf5 39. Nd3 Nc4 40.
Rf2 Rb7 41. Ka2 Rb5 42. Rc2 Nd6 43. Rc6 Rd5 44. Nf4 Kb7 45. Nxd5 Kxc6 46. Ne7+
Kd7 47. Nxg6 Ne4 48. Nh4 Nd6 49. Kb3 Ke6 50. Kc2 Kf7 51. Kd3 Ke6 52. Kd4 f4 53.
a4 Nf5+ 54. Nxf5 Kxf5 55. g6 Kxg6 56. Ke4 Kg5 57. b4 1/2-1/2

[Event "DEM U12w 2016"]
[Site "Willingen GER"]
[Date "2016.05.19"]
[Round "8"]
[White "Ortlepp, Klaudia"]
[Black "Peglau, Mirjam"]
[Result "1/2-1/2"]
[Termination "normal"]
[Board "7"]
[WhiteElo "1407"]
[BlackElo "1314"]
[PlyCount "55"]
[WhiteFideId "16206045"]
[BlackFideId "16211138"]
[EventCountry "GER"]
[EventRounds "11"]
[EventType "swiss"]
[EventDate "2016.05.14"]

1. e4 e6 2. d4 d5 3. Nd2 Nf6 4. e5 Nfd7 5. Bd3 c5 6. c3 Qb6 7. Ne2 Nc6 8. Nf3
cxd4 9. cxd4 Qb4+ 10. Qd2 Qxd2+ 11. Bxd2 Nb4 12. Bb1 Be7 13. O-O b6 14. a3 Nc6
15. Bd3 O-O 16. Rac1 Bb7 17. Bb5 Rac8 18. Nf4 Ncb8 19. Rfd1 Ba6 20. Bxa6 Nxa6
21. Be1 Nab8 22. Bc3 Rc6 23. Bd2 Rfc8 24. Rxc6 Rxc6 25. Rc1 Rxc1+ 26. Bxc1 Nc6
27. Bd2 h6 28. Bc3 1/2-1/2

[Event "DEM U12w 2016"]
[Site "Willingen GER"]
[Date "2016.05.19"]
[Round "8"]
[White "Bayer, Melissa"]
[Black "Brunner, Sophia"]
[Result "1/2-1/2"]
[Termination "normal"]
[Board "8"]
[WhiteElo "1484"]
[BlackElo "1602"]
[PlyCount "120"]
[WhiteFideId "16206916"]
[BlackFideId "12960683"]
[EventCountry "GER"]
[EventRounds "11"]
[EventType "swiss"]
[EventDate "2016.05.14"]

1. e4 d5 2. exd5 Qxd5 3. Nc3 Qa5 4. Bc4 Nf6 5. Nf3 Bg4 6. d3 e6 7. a3 Be7 8.
Bd2 Qh5 9. Rg1 Nbd7 10. h3 Bxf3 11. Qxf3 Qxf3 12. gxf3 g6 13. O-O-O Ne5 14. f4
Nxc4 15. dxc4 O-O-O 16. Be3 a6 17. b4 Rhe8 18. Kb2 Rxd1 19. Rxd1 Rd8 20. Rb1
Bd6 21. c5 Be7 22. a4 Nd5 23. Nxd5 Rxd5 24. c4 Rh5 25. Rh1 Bf8 26. Kb3 Bh6 27.
h4 Rf5 28. b5 a5 29. c6 Bxf4 30. Ba7 bxc6 31. bxc6 Bd6 32. Rd1 Be7 33. Rd7 Bxh4
34. Rd2 e5 35. Rb2 Rf6 36. Ka2 Rxc6 37. Rb8+ Kd7 38. Kb3 Be7 39. Rb5 Bb4 40.
Rxe5 h5 41. Rg5 Rf6 42. Be3 c6 43. Kc2 Ke6 44. Kd3 Rf5 45. Rg3 f6 46. Rxg6 Kf7
47. Rg3 Bd6 48. Rg1 Bf4 49. Ke4 Rg5 50. Rxg5 Bxg5 51. f4 Bh6 52. Bf2 Ke6 53.
f5+ Kd6 54. c5+ Kd7 55. Kf3 Bd2 56. Kg3 Ke7 57. Kh4 Kf7 58. Kxh5 Ke7 59. Bd4
Bb4 60. Be3 Kf7 1/2-1/2

[Event "DEM U12w 2016"]
[Site "Willingen GER"]
[Date "2016.05.19"]
[Round "8"]
[White "Rudolph, Eva"]
[Black "Stowicek, Yara Mathilda"]
[Result "1-0"]
[Termination "normal"]
[Board "9"]
[WhiteElo "1558"]
[BlackElo "1394"]
[PlyCount "47"]
[WhiteFideId "16200594"]
[BlackFideId "16203569"]
[EventCountry "GER"]
[EventRounds "11"]
[EventType "swiss"]
[EventDate "2016.05.14"]

1. e4 e5 2. Nf3 Nc6 3. d4 exd4 4. Bc4 Nf6 5. e5 d5 6. Bb5 Ne4 7. Nxd4 Bd7 8.
Bxc6 Bxc6 9. Nxc6 bxc6 10. O-O Bc5 11. Nd2 Ng5 12. Kh1 O-O 13. f4 Ne6 14. Nb3
Bb6 15. f5 Ng5 16. Qg4 Ne4 17. f6 g6 18. Qh4 h5 19. Qf4 g5 20. Qf3 Nf2+ 21.
Rxf2 Bxf2 22. Qxh5 Qc8 23. Qxg5+ Kh8 24. Qg7# 1-0